000
00308nam a22001337a 4500
008
170713b xxu||||| |||| 00| 0 eng d
020
_a
0812025229
041
_a
eng
080
_2
2ND
_a
038
100
_a
23
101
_a
FJA
245
_a
DICTIONARY OF FINANCE INVESTMENT TERMS
_c
DOWNES,J
942
_2
udc
_c
BK
999
_c
20398
_d
20398